Music Quiz

Random Music or Rock Quiz

3 Hits, 1 Click: 1970s Quiz Stats

 Plays Quiz Updated Feb 4, 2016

Challenge
Share
Tweet
Embed
Score 0/50 Timer 09:00
0 Plays Today
% Correct
Queen
93.3%
Village People
92.9%
ABBA
92.5%
Eagles
92.3%
Bee Gees
92.2%
Elton John
91.2%
Rod Stewart
88.6%
Don McLean
88.6%
Carly Simon
87.6%
The Jackson 5
86.7%
David Bowie
86.1%
Blondie
86%
Stevie Wonder
85.7%
The Rolling Stones
83.8%
Marvin Gaye
83.7%
John Denver
83.2%
Fleetwood Mac
82.9%
Barry Manilow
82.6%
Michael Jackson
82.3%
Olivia Newton-John
79.7%
Steve Miller Band
78.6%
Eric Clapton
78.3%
Billy Joel
78%
Led Zeppelin
77.9%
Barbra Streisand
77.9%
% Correct
Roberta Flack
77.3%
Carpenters
76.9%
Paul Simon
76.7%
Donna Summer
76.7%
Creedence Clearwater Revival
76.4%
Commodores
76%
Santana
75.5%
Chicago
75.1%
Foreigner
74.8%
Cher
74.8%
America
74.7%
Jim Croce
74.5%
George Harrison
74.4%
KC & the Sunshine Band
74.4%
James Taylor
73.4%
Bachman-Turner Overdrive
73.2%
The Moody Blues
73.1%
Sly & the Family Stone
71.6%
Neil Diamond
71.4%
Captain & Tennille
71%
Neil Young
70.1%
Three Dog Night
69.4%
Bob Seger & the Silver Bullet Band
69.3%
Styx
68.9%
The Doobie Brothers
67.5%

You're not logged in!

Compare scores with friends on all Sporcle quizzes.
Join for Free
OR
Log In

You Might Also Like...

Show Comments

Extras

Top Quizzes Today


Score Distribution

Your Account Isn't Verified!

In order to create a playlist on Sporcle, you need to verify the email address you used during registration. Go to your Sporcle Settings to finish the process.

Report this User

Report this user for behavior that violates our Community Guidelines.

Details: